000 00644nam a22002177a 4500
003 UA-OsUOA
001 61995
007 ta
008 20070406b un ||||| |||| 00| 0 ukr d
090 _a016:929+37(092)
_bО-53
942 _cBK
040 _aUA-OsUOA
_bukr
_cUA-OsUOA
_dUA-OsUOA
245 _aОлексій Тимофійович Губко
_bБібліографічний покажчик
300 _a145 с.
955 _a1
041 _aukr
080 _a016:929+37(092)
260 _aК.
_bСвітогляд
_c2009
650 7 _a01 Бібліографія і бібліографії. Каталоги
_2UDC
999 _c347989
_d347989